Guess the wrestler by Last name - Statistics

General Stats
  • This quiz has been taken 37 times
  • The average score is 12 of 15
Answer Stats
Hint Answer % Correct
Cena John
100%
Lesnar Brock
96%
Reigns Roman
96%
Jericho Chris
92%
Punk CM
92%
Guererro Eddie
88%
Angle Kurt
88%
Rollins Seth
88%
Michaels Shawn
88%
Rhodes Cody
84%
Piper Roddy
84%
Danielson Bryan
72%
Johnson Dwayne
64%
Jacobs Glenn
48%
Borden Steve
36%
No matching quizzes found
Score Distribution
Percent of People with Each Score
Percentile by Number Answered
Your Score History
You have not taken this quiz